Les courantes commerciaux de l'Europe Danubienne au cours de la premiere moitie du xxme. siecle. /
Guardado en:
| Autor Principal: | |
|---|---|
| Formato: | Libro |
| Idioma: | French |
| Publicado: |
Paris :
Lib. Générale de Droit et de Jurisprudence,
1952.
|
| Etiquetas: |
Agregar Etiqueta
Sin Etiquetas, Sea el primero en etiquetar este registro!
|
| LEADER | 00514nam a22001455a 4500 | ||
|---|---|---|---|
| 001 | EUN.um010621 | ||
| 003 | AR-BaUNS | ||
| 005 | 20050623122854.0 | ||
| 008 | 041125s1952####fr############000#0#fre#d | ||
| 245 | 1 | 4 | |a Les courantes commerciaux de l'Europe Danubienne au cours de la premiere moitie du xxme. siecle. / |c Eugene Zaleski. |
| 260 | |a Paris : |b Lib. Générale de Droit et de Jurisprudence, |c 1952. | ||
| 300 | |a 516 p. | ||
| 100 | 1 | |a Zaleski, Eugene. | |
| 082 | 0 | 4 | |a 330.9 |
| 859 | |a Ar-BaUNS |b BIB. CENTRAL - Sector C |h 330.9 |i Z14 |p 2661/962 | ||
